000 00967cam a2200277 a 4500
001 1108329
003 AUA.1
005 20160608192041.0
008 931014s1994 njua b 000 0 eng
010 _a 93039295
020 _a0875523749
040 _aDLC
_cDLC
_dDLC
050 0 0 _aBT 157
_b.P68 1994
082 0 0 _a230/.046
_220
100 1 _aPoythress, Vern S.
_94285
245 1 0 _aUnderstanding dispensationalists /
_cVern S. Poythress.
250 _a2nd ed.
260 _aPhillipsburg, N.J. :
_bP&R Pub.,
_c1994.
300 _a142 p. :
_bill. ;
_c22 cm.
504 _aIncludes bibliographical references (p. 138-142).
650 0 _aDispensationalism.
_94286
650 0 _aCovenant theology.
_94287
906 _a7
_bcbc
_corignew
_d1
_eocip
_f19
_gy-gencatlg
942 _2lcc
_cBOOK
_hBT 157
_i.P68 1994
999 _c1200
_d1200